LEADER 00790nam a2200217 i 4500 001 000000181291 003 CaOOAMICUS 005 20090828000000.0 008 090828s1909 it u000 u ita u 013 $a159123 040 $aSeMil$bita 245 10$aFascicolo 3. 300 $a122 p. 490 0 $aStudi e testi ;$v22 500 $aContiene : Appendici. 700 1 $aFranchi de' Cavalieri, Pio,$d<1869-1960>.$0(OLS)http://semarc/name/9626 773 0 $aFranchi de' Cavalieri, Pio <1869-1960>$tNote agiografiche.$dRoma : Tipografia Vaticana, 1902.$w()21545 830 0$aStudi e testi ;$v22.$0(OLS)http://semarc/title/153 850 $aSeMil 852 $aSeMil$W1$xVenegono$y1$m3C V 47$j132032$B132032$CSeMilBibl$Z2$F143832 $81 996 $6245$aFascicolo 3$9(OLS)http://semarc/title/205872 LEADER 01008nam a2200265 i 4500 001 000000221115 003 CaOOAMICUS 005 20130618000000.0 008 130618s1988 it u000 u ita u 013 $a200012 020 $a88-11-59807-9 040 $aSeMil$bita 100 1 $aBeccaria, Gian Luigi,$d<1936- >.$0(OLS)http://semarc/name/28097 245 10$aItaliano :$bantico e nuovo /$cGian Luigi Beccaria. 260 $a[Milano] :$bGarzanti,$c1988. 300 $a308 p. ;$c22 cm. 490 0 $aSaggi blu 650 4$aLingua italiana.$0(OLS)http://semarc/subject/7694 830 0$aSaggi blu.$0(OLS)http://semarc/title/7183 850 $aSeMil 852 $aSeMil$W1$xVenegono$y1$m1O III 230$j171466$B171466$CSeMilBibl$Z2$F187393 $81 961 $aLascito: Schieppati don Giorgio 996 $6020$a88-11-59807-9$9(OLS)http://semarc/number/219974 996 $6245$aItaliano :$bantico e nuovo$9(OLS)http://semarc/title/316985 996 $6260$a[Milano] :$bGarzanti$9(OLS)http://semarc/publisher/31829